Statistiques concernant Quiz Ultime - Danganronpa 2 : Goodbye Despair

Cliquez ici pour prendre le quiz!

Statistiques générales

  • Ce quiz a été pris 26 fois
  • Le résultat moyen est 40 sur 56

Statistiques - réponses

IndiceRéponse% Correct
Chanceux UltimeNagito Komaeda
100%
Héritier / Imposteur UltimeByakuya Togami
95%
Gameuse UltimeChiaki Nanami
95%
Éleveur UltimeGundham Tanaka
95%
Étudiant de la réserveHajime Hinata
95%
Joueuse de musique légère UltimeIbuki Mioda
95%
Élève tuéImposteur Ultime
95%
Mécanicien UltimeKazuichi Soda
95%
Infirmière UltimeMikan Tsumiki
95%
Manager UltimeNekomaru Nidai
95%
Princesse UltimeSonia Nevermind
95%
Cuisinier UltimeTeruteru Hanamura
95%
Élève exécutéTeruteru Hanamura
95%
Gymnaste UltimeAkane Owari
90%
Yakuza UltimeFuyuhiko Kuzuryu
90%
Élève tué 1Ibuki Mioda
90%
Membre Fondation du FuturKyoko Kirigiri
90%
Photographe UltimeMahiru Koizumi
90%
Membre Fondation du FuturMakoto Naegi
90%
Élève exécutéMikan Tsumiki
90%
Machine de l'instigateurMonokuma
90%
Élève exécutéPeko Pekoyama
90%
Kendoka UltimePeko Pekoyama
90%
Nombre d'îles6
86%
InstigateurAlter Ego Junko
86%
Membre Fondation du FuturByakuya Togami
86%
Élève exécutéChiaki Nanami
86%
Élève exécutéGundham Tanaka
86%
Danseuse traditionnelle UltimeHiyoko Sakonji
86%
Élève tuéMahiru Koizumi
86%
Élève tuéNagito Komaeda
86%
Élève tuéNekomaru Nidai
86%
"Personne" exécutéeAlter Ego Junko
81%
Arme du crimeBatte de baseball
81%
Élève tué 2Hiyoko Sakonji
81%
Nom de l'îleJabberwock
76%
IA du programmeUsami
76%
Nom de l'écoleAcadémie du Pic de l'Espoir
71%
Arme du crimeBroche en métal
71%
Cause de la mortPoison
71%
Lieu du crimeSalle de concert
71%
Cause de la mortChute
62%
Cause de la mort 1Étranglement
57%
Lieu du crimeMaison de plage
48%
Cause de la mort 2Égorgement
29%
Armée de MonokumaMonobêtes
29%
Lieu du crimeTour raisin
29%
Autre nom des élèvesRémanents du désespoir
24%
Lieu du crimeVieux châlet
24%
ExécutionBobos, envolez-vous !
19%
Lieu du crimeEntrepôt de marchandises
19%
ExécutionGundham s'écrase sur Terre !!!
19%
ExécutionLa Fille ravageuse
19%
ExécutionPlease Insert Coin
19%
ExécutionTonkatsu de Teruteru
19%
ExécutionArrêt Forcé
5%

Distribution des résultats

Percentile par nombre de réponses

% des personnes avec chaque résultat

Votre développement - résultats

Vous n’avez pas pris ce quiz